00681nam a22001697a 4500003000900000008004100009040007100050082002200121100003100143245010400174260006900278300002300347650003000370650003300400650002600433710005200459AR-CdUCM190415b ||||| |||| 00| 0 spa d aMUNICIPALIDAD PROVINCIAL DEL CUSCOcBIBLIOTECA MUNICIPAL DEL CUSCO aTS / 340.4 /bO31 aOchante Saune, Maximiliano aApreciaciones jurídico-sociales al nuevo Control del Sistema de telecomunicaciones en el Perú / aCusco :bUniversidad Nacional San Antonio Abad del Cusco,c1978. a96 hojas ;c28 cm. aApreciaciones jurídicas aTelecomunicaciones en Perú aLegislación Peruana aUniversidad Nacional San Antonio Abad del Cusco